| 000 | 00957cab a2200277 4500 | ||
|---|---|---|---|
| 001 | ABS55820 | ||
| 008 | 090401t1996 xxu||||| |||| 00| 0 eng d | ||
| 035 | _a(Sirsi) u18969 | ||
| 041 | _aeng | ||
| 100 | _aFrost, M. | ||
| 245 | _aProduction activity within the London economy | ||
| 260 | _c1996 | ||
| 350 | _a0 | ||
| 490 |
_aLocal Economy _v11(2) August 1996, 104-119(8) |
||
| 520 | _aInvestigates the level of new industrial development in London. Estimates changes in production employment and looks at a sample of industrial developments in the city. The results suggest growth is dominated by small firms, with an even spread throughout London. | ||
| 650 | _aINDUSTRIAL DEVELOPMENT | ||
| 650 |
_aLand use _96251 |
||
| 650 | _aLONDON | ||
| 650 | _aMIXED-USE DEVELOPMENTS | ||
| 650 | _aPRODUCTION EMPLOYMENT | ||
| 650 | _aSMALL FIRMS | ||
| 690 | _aPROPERTY-COMMERCIAL PROPERTY | ||
| 690 | _aLAND | ||
| 942 | _n0 | ||
| 948 | _c04/03/1997 | ||
| 999 |
_c12621 _d12621 |
||